000
00266nam a22000857a 4500
008
161205b xxu||||| |||| 00| 0 eng d
100
_9
1808
_a
Khandurie,V.P
245
_a
Reference cum Question Bank on; National talent search
260
_a
NEW DELHI
_b
SARASWATI HOUSE pvt ltd.
999
_c
4547
_d
4547